书目信息 |
| 题名: |
污水处理厂施工技术汇编
|
|
| 作者: | 张云富 主编 | |
| 分册: | ||
| 出版信息: | 沈阳 东北大学出版社 2014 |
|
| 页数: | 228页 | |
| 开本: | 26cm | |
| 丛书名: | ||
| 单 册: | ||
| 中图分类: | X505 | |
| 科图分类: | ||
| 主题词: | 污水处理厂--工程施工--技术 | |
| 电子资源: | ||
| ISBN: | 978-7-5517-0705-3 | |
| 000 | 00862nam0 2200229 450 | |
| 001 | 012015000066 | |
| 005 | 20150911082430.60 | |
| 010 | @a978-7-5517-0705-3@dCNY42.00 | |
| 100 | @a20150427d2014 em y0chiy50 ea | |
| 101 | 0 | @achi |
| 102 | @aCN@b210000 | |
| 105 | @aa z 000yy | |
| 106 | @ar | |
| 200 | 1 | @a污水处理厂施工技术汇编@Awu shui chu li chang shi gong ji shu hui bian@f张云富主编 |
| 210 | @a沈阳@c东北大学出版社@d2014 | |
| 215 | @a228页@c图@d26cm | |
| 330 | @a本书主要内容包括:污水处理技术、土建工程施工技术、设备管道工程施工技术、季节性及临时用电施工技术以及总包质量安全管理技术。本书针对污水处理厂的特殊性,从各种施工技术入手,使读者对污水处理厂工程施工技术有全面的了解。 | |
| 606 | 0 | @a污水处理厂@x工程施工@x技术 |
| 690 | @aX505@v5 | |
| 701 | 0 | @a张云富@Azhang yun fu@4主编 |
| 801 | 0 | @aCN@b碧洲教育@c20150716 |
| 905 | @a10447@f8@dX505@e133 | |
| 污水处理厂施工技术汇编/张云富主编.-沈阳:东北大学出版社,2014 |
| 228页:图;26cm |
| ISBN 978-7-5517-0705-3:CNY42.00 |
| 本书主要内容包括:污水处理技术、土建工程施工技术、设备管道工程施工技术、季节性及临时用电施工技术以及总包质量安全管理技术。本书针对污水处理厂的特殊性,从各种施工技术入手,使读者对污水处理厂工程施工技术有全面的了解。 |
| ● |
| 相关链接 |
|
|
|
|
正题名:污水处理厂施工技术汇编
索取号:X505/133
 
预约/预借
| 序号 | 登录号 | 条形码 | 馆藏地/架位号 | 状态 | 备注 |
| 1 | 0849781 | 208497811 | 第三借阅区/ [索取号:X505/133] | 在馆 | |
| 2 | 0849782 | 208497820 | 第三借阅区/ [索取号:X505/133] | 在馆 | |
| 3 | 0849783 | 208497839 | 第三借阅区/ [索取号:X505/133] | 在馆 | |
| 4 | 0849784 | 208497848 | 密集书库-化学系/ [索取号:X505/133] | 在馆 | |
| 5 | 0870741 | 208707416 | 第二样本阅览室/ [索取号:X505/133] | 在馆 | |
| 6 | 0870742 | 208707425 | 密集书库-化学系/ [索取号:X505/133] | 在馆 | |
| 7 | 0870743 | 208707434 | 第三借阅区/ [索取号:X505/133] | 在馆 | |
| 8 | 0870744 | 208707443 | 第三借阅区/ [索取号:X505/133] | 在馆 |